[Event "BL2 West 1314 (Women)"]
[Site "Germany"]
[Date "2013.11.30"]
[Round "1.5"]
[White "Koehler, Inken"]
[Black "Karmann, Anna"]
[Result "1-0"]
[WhiteElo "1596"]
[BlackElo "1955"]
[PlyCount "77"]
[EventDate "2013.11.30"]
[EventType "team-tourn"]
[EventRounds "7"]
[EventCountry "GER"]
[SourceTitle "EXT 2018"]
[Source "ChessBase"]
[SourceDate "2017.10.13"]
[SourceVersion "1"]
[SourceVersionDate "2017.10.13"]
[SourceQuality "1"]
[WhiteTeam "Norderstedt Harksheide (W)"]
[BlackTeam "Muelheim Nord (W) II"]
[WhiteTeamCountry "GER"]
[BlackTeamCountry "GER"]

1. e4 c6 2. d4 d5 3. exd5 cxd5 4. Bd3 Nc6 5. c3 Nf6 6. Bf4 Bg4 7. Qc2 e6 8. Ne2 Bd6 9. Bxd6 Qxd6 10. Ng3 e5 11. h3 Bd7 12. dxe5 Nxe5 13. Bf5 0-0 14. 0-0 Rfe8 15. Na3 Bc6 16. Rad1 g6 17. Bd3 Rad8 18. Nb5 Bxb5 19. Bxb5 Re7 20. Ne2 Qc5 21. Nd4 Nc6 22. Ba4 Re4 23. Nb3 Qe7 24. Nd2 Re6 25. Nf3 Re2 26. Rd2 Rxd2 27. Qxd2 Ne4 28. Qe3 f5 29. Re1 a6 30. Nd4 Nxd4 31. Qxd4 Qf6 32. Rxe4 Qg5 33. Qe3 Qf6 34. Re8+ Rxe8 35. Qxe8+ Kg7 36. Qd7+ Kh6 37. Qxd5 Qe7 38. Qd2+ g5 39. h4 1-0

[Event "GER-chT U20"]
[Site "Osnabrueck"]
[Date "2011.12.30"]
[Round "7.4"]
[White "Gibicar, Danijel"]
[Black "Karmann, Anna"]
[Result "1-0"]
[WhiteElo "2037"]
[BlackElo "1871"]
[PlyCount "77"]
[EventDate "2011.12.27"]
[EventType "team-swiss"]
[EventRounds "7"]
[EventCountry "GER"]
[SourceTitle "CBM 146 Extra"]
[Source "ChessBase"]
[SourceDate "2012.02.29"]
[SourceVersion "1"]
[SourceVersionDate "2012.02.29"]
[SourceQuality "1"]
[WhiteTeam "Bebenhausen"]
[BlackTeam "Koeln Porz"]
[WhiteTeamCountry "GER"]
[BlackTeamCountry "GER"]

1. d4 Nf6 2. c4 e6 3. g3 Bb4+ 4. Bd2 Be7 5. Bg2 0-0 6. Nf3 d5 7. 0-0 Nbd7 8. Qc2 Ne4 9. Nc3 Ndf6 10. Ne5 Nxd2 11. Qxd2 c6 12. Rad1 Qc7 13. e4 dxe4 14. Nxe4 Nxe4 15. Bxe4 f6 16. Nd3 e5 17. dxe5 fxe5 18. Rfe1 Bg4 19. Rc1 Rad8 20. Qc2 Rxd3 21. Qxd3 Bc5 22. Rf1 Qf7 23. Qc2 Qh5 24. Bg2 Rf6 25. Qe4 Rh6 26. h3 Bxh3 27. Bxh3 Qxh3 28. Qg2 Qg4 29. Rfe1 Rf6 30. Rc2 Rf3 31. Kh2 Qf5 32. Rxe5 Qxc2 33. Qxf3 Qxf2+ 34. Qxf2 Bxf2 35. Re7 b5 36. Rc7 bxc4 37. Rxc6 Bd4 38. Rxc4 Bxb2 39. Ra4 1-0

[Event "GER-chT U20"]
[Site "Osnabrueck"]
[Date "2010.12.29"]
[Round "6.6"]
[White "Karmann, Anna"]
[Black "Stanau, Guido"]
[Result "1-0"]
[WhiteElo "1847"]
[BlackElo "1841"]
[PlyCount "117"]
[EventDate "2010.12.27"]
[EventType "team-swiss"]
[EventRounds "7"]
[EventCountry "GER"]
[SourceTitle "CBM 140 Extra"]
[Source "ChessBase"]
[SourceDate "2011.03.01"]
[SourceVersion "1"]
[SourceVersionDate "2011.03.01"]
[SourceQuality "1"]
[WhiteTeam "Koeln Porz"]
[BlackTeam "Koenigsspringer"]
[WhiteTeamCountry "GER"]
[BlackTeamCountry "GER"]

1. c4 Nf6 2. Nf3 d6 3. g3 e5 4. Bg2 g6 5. 0-0 Bg7 6. d3 0-0 7. Nc3 a5 8. Qc2 c6 9. e4 h6 10. h3 Na6 11. a3 Nc5 12. Be3 Ne6 13. d4 Nd7 14. Rad1 Qc7 15. d5 Nec5 16. dxc6 bxc6 17. b4 axb4 18. axb4 Na6 19. b5 Nac5 20. Qd2 Ra3 21. bxc6 Qxc6 22. Nd5 Kh7 23. Ne7 Qa4 24. Qxd6 Qa7 25. Nc6 Qb6 26. Rb1 Nxe4 27. Qxf8 Bxf8 28. Bxb6 Nxg3 29. Rfd1 Nxb6 30. Rxb6 e4 31. Nfd4 Nf5 32. Rb8 e3 33. fxe3 Nxe3 34. Rdb1 Ra2 35. R8b2 Ra3 36. Rb3 Rxb3 37. Rxb3 Nxc4 38. Rb8 Nd6 39. Nb5 Nxb5 40. Rxc8 Kg7 41. Kf1 Nd6 42. Rb8 Nf5 43. Ke2 Bd6 44. Rb7 Bf8 45. Bd5 Nd6 46. Ra7 Kf6 47. Rd7 g5 48. Rd8 Kg7 49. Ne5 Nf5 50. Rd7 Ne7 51. Bb3 f5 52. Nc6 Kf6 53. Rd6+ Kg7 54. Nxe7 Bxe7 55. Re6 Bf6 56. Bc2 f4 57. Kf3 h5 58. Ra6 Be7 59. Ke4 1-0

[Event "GER-chT U20"]
[Site "Osnabrueck"]
[Date "2010.12.28"]
[Round "3.6"]
[White "Gehle, Philipp"]
[Black "Karmann, Anna"]
[Result "1/2-1/2"]
[WhiteElo "1497"]
[BlackElo "1847"]
[PlyCount "96"]
[EventDate "2010.12.27"]
[EventType "team-swiss"]
[EventRounds "7"]
[EventCountry "GER"]
[SourceTitle "CBM 140 Extra"]
[Source "ChessBase"]
[SourceDate "2011.03.01"]
[SourceVersion "1"]
[SourceVersionDate "2011.03.01"]
[SourceQuality "1"]
[WhiteTeam "Paderborn Schachfreunde"]
[BlackTeam "Koeln Porz"]
[WhiteTeamCountry "GER"]
[BlackTeamCountry "GER"]

1. e4 c6 2. Nf3 d5 3. exd5 cxd5 4. d4 Nf6 5. Bd3 Nc6 6. c3 Bg4 7. h3 Bxf3 8. Qxf3 e6 9. Bf4 g6 10. Qe3 h6 11. Nd2 Bg7 12. Bc2 Qe7 13. Nf3 Nd7 14. Nd2 Rc8 15. Qg3 Qf6 16. Nf3 0-0 17. 0-0 b5 18. Rac1 a5 19. Bd6 Rfe8 20. a3 b4 21. axb4 axb4 22. Bxb4 Nxb4 23. cxb4 Nb6 24. Bd3 Qe7 25. b5 Qb4 26. Rb1 Nc4 27. b3 Na3 28. Rb2 Nxb5 29. Bxb5 Qxb5 30. Rfb1 Rc3 31. Qf4 g5 32. Qd2 Rec8 33. Kh2 Qb6 34. Kg1 f6 35. Re1 R8c6 36. Reb1 Bf8 37. Qd1 Kg7 38. Kh2 Qc7+ 39. g3 Rc2 40. Kg2 Bd6 41. Rxc2 Rxc2 42. Kf1 Qc3 43. Kg1 Kg6 44. b4 Bxb4 45. Kg2 Ba5 46. Ra1 Bc7 47. Ra6 Kg7 48. Qb1 Qc4 1/2-1/2

[Event "GER-chT U20"]
[Site "Osnabrueck"]
[Date "2010.12.27"]
[Round "2.6"]
[White "Karmann, Anna"]
[Black "Sauer, Norwin"]
[Result "1/2-1/2"]
[WhiteElo "1847"]
[BlackElo "1955"]
[PlyCount "121"]
[EventDate "2010.12.27"]
[EventType "team-swiss"]
[EventRounds "7"]
[EventCountry "GER"]
[SourceTitle "CBM 140 Extra"]
[Source "ChessBase"]
[SourceDate "2011.03.01"]
[SourceVersion "1"]
[SourceVersionDate "2011.03.01"]
[SourceQuality "1"]
[WhiteTeam "Koeln Porz"]
[BlackTeam "Salzgitter"]
[WhiteTeamCountry "GER"]
[BlackTeamCountry "GER"]

1. c4 e6 2. g3 Nf6 3. Bg2 d5 4. Nf3 Bd6 5. 0-0 0-0 6. b3 Nbd7 7. Bb2 c6 8. d3 Qe7 9. Nbd2 Rd8 10. Qc2 Ba3 11. Bxa3 Qxa3 12. cxd5 exd5 13. e4 dxe4 14. dxe4 Qc5 15. Qb2 Nf8 16. e5 Nd5 17. Rac1 Qb4 18. Rc4 Qe7 19. Ne4 Be6 20. Rd4 Bg4 21. Neg5 Bxf3 22. Nxf3 Ne6 23. Rd2 Nb4 24. Rfd1 Rxd2 25. Rxd2 Rd8 26. a3 Rxd2 27. Qxd2 Nd5 28. b4 a5 29. Nd4 axb4 30. Bxd5 cxd5 31. axb4 h6 32. Nf5 Qg5 33. Qxg5 Nxg5 34. f4 Nf3+ 35. Kg2 Ne1+ 36. Kf1 Nf3 37. Ne7+ Kf8 38. Nxd5 Nxh2+ 39. Ke2 Ke8 40. Ne3 Kd7 41. g4 Kc6 42. Kf2 Kb5 43. Kg3 Kxb4 44. Kxh2 Kc5 45. Kg3 b5 46. f5 b4 47. Kf4 b3 48. Nd1 Kd5 49. Nc3+ Kc6 50. e6 fxe6 51. fxe6 Kd6 52. Kf5 b2 53. Kg6 Kxe6 54. Kxg7 Ke5 55. Kxh6 Kd4 56. Nb1 Kd3 57. g5 Kc2 58. Na3+ Kb3 59. Nb1 Kc2 60. Na3+ Kb3 61. Nb1 1/2-1/2

[Event "GER-chT Federal Cup (Women)"]
[Site "Braunfels"]
[Date "2010.06.03"]
[Round "1"]
[White "Karmann, Anna"]
[Black "Nattermueller, Irina"]
[Result "1/2-1/2"]
[WhiteElo "1924"]
[BlackElo "2100"]
[PlyCount "100"]
[EventDate "2010.06.03"]
[EventType "team-swiss"]
[EventRounds "5"]
[EventCountry "GER"]
[SourceTitle "CBM 136 Extra"]
[Source "ChessBase"]
[SourceDate "2010.07.02"]
[SourceVersion "2"]
[SourceVersionDate "2010.07.15"]
[SourceQuality "1"]

1. c4 c5 2. Nf3 e6 3. d4 d5 4. e3 Nc6 5. cxd5 exd5 6. Nc3 Nf6 7. Be2 cxd4 8. Nxd4 Bd6 9. 0-0 0-0 10. a3 a6 11. b4 Re8 12. Nxc6 bxc6 13. Bb2 Bc7 14. Bf3 Qd6 15. g3 Rb8 16. Rc1 Bf5 17. Ne2 Bb6 18. Bd4 Ne4 19. Bxb6 Rxb6 20. Qd4 Rb5 21. Nc3 Rbb8 22. Nxe4 Bxe4 23. Bxe4 Rxe4 24. Qc5 Re6 25. Qa7 Rf8 26. Qxa6 Qc7 27. Rfd1 Rh6 28. Qf1 Ra8 29. Rc3 Rg6 30. Rd4 h5 31. Qd3 Qe7 32. Qf5 Rg5 33. Qf4 Rg6 34. Qf5 Rg5 35. Qf3 Qe6 36. h4 Re5 37. Kg2 g6 38. Rf4 Ra7 39. Rf6 Qd7 40. Rfxc6 d4 41. exd4 Qxd4 42. Rd3 Qe4 43. Qxe4 Rxe4 44. Kf3 Re5 45. Rc5 Re1 46. Rb3 Ra1 47. Rcc3 Kf8 48. b5 Ke8 49. b6 Rb7 50. Ke4 Kd7 1/2-1/2

[Event "GER-chT U20 Girls "]
[Site "Chemnitz"]
[Date "2009.12.29"]
[Round "6.1"]
[White "Karmann, Anna"]
[Black "Lorenz, Nicole"]
[Result "1-0"]
[WhiteElo "1912"]
[BlackElo "1889"]
[PlyCount "92"]
[EventDate "2009.12.27"]
[EventType "team-swiss"]
[EventRounds "7"]
[EventCountry "GER"]
[SourceTitle "EXT 2022"]
[Source "ChessBase"]
[SourceDate "2021.10.06"]
[SourceVersion "1"]
[SourceVersionDate "2021.10.06"]
[SourceQuality "1"]
[WhiteTeam "Porz SG U20 Girls"]
[BlackTeam "Dresden Gruen Weiss U20 Girls"]
[WhiteTeamCountry "GER"]
[BlackTeamCountry "GER"]

1. c4 e6 2. g3 Nf6 3. Bg2 d5 4. Nf3 Be7 5. 0-0 0-0 6. b3 c5 7. cxd5 Nxd5 8. Bb2 Nc6 9. Na3 Bf6 10. Bxf6 Qxf6 11. Nc4 Rd8 12. a3 e5 13. Qc2 Be6 14. d3 Rac8 15. Qb2 e4 16. dxe4 Qxb2 17. Nxb2 Nc3 18. Rfe1 Bxb3 19. Rac1 Nxe4 20. Nh4 Nf6 21. Rxc5 Rd2 22. Nc4 Rc2 23. Nd6 Rxc5 24. Nxc8 b5 25. Bxc6 a5 26. Na7 b4 27. axb4 axb4 28. Rb1 Be6 29. Rxb4 g6 30. Kg2 Rc2 31. Bb5 Nd5 32. Rd4 Nc3 33. Bd3 Ra2 34. Nb5 Nxe2 35. Bxe2 Rxe2 36. Rd8+ Kg7 37. Nd4 Re1 38. Nxe6+ Rxe6 39. Nf3 Re7 40. Rd4 h6 41. Nd2 Ra7 42. Ne4 Re7 43. g4 Ra7 44. h4 Re7 45. Kg3 Ra7 46. Rd8 f5 1-0

[Event "Berlin Lichtenrade op 05th"]
[Site "Berlin"]
[Date "2009.10.20"]
[Round "4"]
[White "Karmann, Anna"]
[Black "Dimitrijeski, Kristian"]
[Result "0-1"]
[WhiteElo "1914"]
[BlackElo "2148"]
[PlyCount "124"]
[EventDate "2009.10.11"]
[EventType "swiss"]
[EventRounds "9"]
[EventCountry "GER"]
[SourceTitle "EXT 2010"]
[Source "ChessBase"]
[SourceDate "2010.11.25"]
[SourceVersion "1"]
[SourceVersionDate "2010.11.25"]
[SourceQuality "1"]

1. c4 c6 2. g3 d5 3. b3 dxc4 4. bxc4 Qd4 5. Nc3 Qxc4 6. Nf3 Nf6 7. e3 Qb4 8. Rb1 Qa5 9. Qb3 e6 10. d4 Nbd7 11. Bd2 Be7 12. Bg2 0-0 13. 0-0 e5 14. Ne4 Qc7 15. Nxf6+ Bxf6 16. Bb4 Rd8 17. d5 c5 18. Bc3 Nb6 19. Ba5 c4 20. Bxb6 axb6 21. Qxb6 Qxb6 22. Rxb6 Rxd5 23. Ng5 Rd2 24. Ne4 Rdxa2 25. Nxf6+ gxf6 26. Bd5 Be6 27. Bxe6 fxe6 28. Rxb7 R2a7 29. Rb4 Rc7 30. Rc1 Rac8 31. Rc3 e4 32. Kg2 Kf7 33. f3 exf3+ 34. Kxf3 Kg6 35. e4 e5 36. Ra4 Rc6 37. Rb4 R8c7 38. Ra4 Kf7 39. Rb4 h5 40. Ke3 Kg6 41. Kf3 Kg5 42. Rb8 Rd6 43. Ke3 Rd1 44. Rg8+ Kh6 45. h4 Rd4 46. Rb8 Kg6 47. Rb6 Kf7 48. Rb4 Rc6 49. Rb7+ Kg6 50. Rb5 Rd1 51. Rb4 Rd4 52. Rb5 Ra6 53. Rc5 Ra1 54. R3xc4 Re1+ 55. Kf3 Rexe4 56. Rxd4 Rxd4 57. Rc6 Kf5 58. Rc3 e4+ 59. Ke3 Rd3+ 60. Rxd3 exd3 61. Kxd3 Kg4 62. Ke3 Kxg3 0-1

[Event "GER-chT DLM U20"]
[Site "Wismar"]
[Date "2009.10.03"]
[Round "6"]
[White "Karmann, Anna"]
[Black "Duessler, Stefanie"]
[Result "1-0"]
[WhiteElo "1914"]
[BlackElo "1741"]
[PlyCount "61"]
[EventDate "2009.09.30"]
[EventType "team-swiss"]
[EventRounds "7"]
[EventCountry "GER"]
[SourceTitle "CBM 132 Extra"]
[Source "ChessBase"]
[SourceDate "2009.11.03"]
[SourceVersion "1"]
[SourceVersionDate "2009.11.03"]
[SourceQuality "1"]
[WhiteTeam "Nordrhein Westfalen U20"]
[BlackTeam "Niedersachsen U20"]
[WhiteTeamCountry "GER"]
[BlackTeamCountry "GER"]

1. d4 d5 2. Nf3 Nf6 3. e3 e6 4. Be2 Be7 5. Nbd2 c5 6. 0-0 Nc6 7. dxc5 Bxc5 8. c4 0-0 9. cxd5 Nxd5 10. Nc4 Qe7 11. a3 Rd8 12. Qc2 Nb6 13. b4 Nxc4 14. Bxc4 Bd6 15. Bb2 a6 16. Rfd1 b5 17. Bxb5 axb5 18. Qxc6 Rb8 19. Qe4 Bb7 20. Qg4 f6 21. Nd4 Be5 22. f4 Bxd4 23. Rxd4 Rxd4 24. Bxd4 Bd5 25. Bc5 Qd7 26. Rd1 Qe8 27. Rd4 Ra8 28. e4 Bxe4 29. Qh3 Bd5 30. Qd3 Qg6 31. Rxd5 1-0

[Event "GER-chT DLM U20"]
[Site "Wismar"]
[Date "2009.10.02"]
[Round "5"]
[White "Karmann, Anna"]
[Black "Knopf, Felix"]
[Result "1-0"]
[WhiteElo "1914"]
[BlackElo "1667"]
[PlyCount "79"]
[EventDate "2009.09.30"]
[EventType "team-swiss"]
[EventRounds "7"]
[EventCountry "GER"]
[SourceTitle "CBM 132 Extra"]
[Source "ChessBase"]
[SourceDate "2009.11.03"]
[SourceVersion "1"]
[SourceVersionDate "2009.11.03"]
[SourceQuality "1"]
[WhiteTeam "Nordrhein Westfalen U20"]
[BlackTeam "Sachsen Anhalt U20"]
[WhiteTeamCountry "GER"]
[BlackTeamCountry "GER"]

1. Nf3 d5 2. d4 Nf6 3. e3 c6 4. Bd3 Nbd7 5. Nbd2 e6 6. b3 Be7 7. Bb2 0-0 8. 0-0 c5 9. Ne5 Qc7 10. f4 cxd4 11. exd4 a6 12. Rf3 b5 13. Rh3 Rd8 14. Bxh7+ Kf8 15. Bd3 Bd6 16. Rh8+ Ke7 17. Rxd8 Kxd8 18. Nxf7+ Ke7 19. Nxd6 Qxd6 20. Qf3 Bb7 21. Qg3 Rg8 22. Re1 Nf8 23. Nf3 Bc8 24. Ne5 b4 25. Ng6+ Kd8 26. Nxf8 Qxf8 27. Qg5 Kc7 28. Rc1 Qd6 29. c4 bxc3 30. Rxc3+ Kb7 31. Qe5 Qb6 32. Rc2 Bd7 33. h3 a5 34. Ba3 Rh8 35. Bc5 Qd8 36. Qd6 Bc8 37. Ba6+ Ka8 38. Qc6+ Kb8 39. Bd6+ Ka7 40. Bc7 1-0

[Event "GER-ch U18 Girls"]
[Site "Willingen"]
[Date "2009.06.06"]
[Round "9"]
[White "Karmann, Anna"]
[Black "Kickert, Germaine Helene"]
[Result "1/2-1/2"]
[WhiteElo "1903"]
[BlackElo "1933"]
[PlyCount "70"]
[EventDate "2009.05.30"]
[EventType "swiss"]
[EventRounds "9"]
[EventCountry "GER"]
[SourceTitle "CBM 130 Extra"]
[Source "ChessBase"]
[SourceDate "2009.07.02"]
[SourceVersion "2"]
[SourceVersionDate "2009.07.15"]
[SourceQuality "1"]

1. c4 Nf6 2. Nf3 c5 3. d4 g6 4. Nc3 Bg7 5. e4 cxd4 6. Nxd4 d6 7. Be2 0-0 8. 0-0 Nc6 9. Be3 Bd7 10. Rc1 Nxd4 11. Bxd4 Bc6 12. f3 Nd7 13. Be3 a5 14. b3 Nc5 15. Nd5 Bxd5 16. cxd5 Qb6 17. Qd2 Qb4 18. Rfd1 Rfc8 19. Rc4 Qxd2 20. Rxd2 b5 21. Rcc2 Rab8 22. Rd1 b4 23. Bxc5 Rxc5 24. Rxc5 dxc5 25. f4 Bd4+ 26. Kf1 Rb6 27. Bc4 Rf6 28. g3 g5 29. f5 h5 30. h3 Rb6 31. Kg2 Kg7 32. Be2 h4 33. g4 Kf6 34. Bc4 Ke5 35. Kf3 f6 1/2-1/2

[Event "GER-ch U18 Girls"]
[Site "Willingen"]
[Date "2009.06.03"]
[Round "6"]
[White "Karmann, Anna"]
[Black "Frey, Alisa"]
[Result "1/2-1/2"]
[WhiteElo "1903"]
[BlackElo "1984"]
[PlyCount "170"]
[EventDate "2009.05.30"]
[EventType "swiss"]
[EventRounds "9"]
[EventCountry "GER"]
[SourceTitle "CBM 130 Extra"]
[Source "ChessBase"]
[SourceDate "2009.07.02"]
[SourceVersion "2"]
[SourceVersionDate "2009.07.15"]
[SourceQuality "1"]

1. c4 Nf6 2. Nf3 c6 3. g3 d5 4. b3 Bg4 5. Bg2 Nbd7 6. Bb2 e6 7. 0-0 Bd6 8. d3 0-0 9. Nbd2 a5 10. h3 Bh5 11. cxd5 exd5 12. Qc2 Re8 13. e4 Bxf3 14. Bxf3 Qb6 15. Rac1 Bxg3 16. Bxf6 Nxf6 17. exd5 cxd5 18. Qc5 Qxc5 19. Rxc5 b6 20. Rb5 Bc7 21. Rc1 Rac8 22. Kg2 Red8 23. Nf1 Kf8 24. Ne3 d4 25. Nd5 Nxd5 26. Rxd5 Rxd5 27. Bxd5 Rd8 28. Bc6 Be5 29. Bb5 Rd5 30. a4 Bd6 31. Rc6 Bc5 32. Rc7 Rf5 33. Bc4 g5 34. Rd7 h6 35. Kg3 Ke8 36. Rb7 Kf8 37. Rd7 Rf6 38. Kg2 Kg7 39. Kg3 Bb4 40. Kg2 h5 41. f3 Rf4 42. Rd5 Kg6 43. Rd8 f6 44. Rb8 Bc5 45. Re8 g4 46. hxg4 hxg4 47. Rg8+ Kf5 48. fxg4+ Rxg4+ 49. Rxg4 Kxg4 50. Bd5 Kf4 51. Kf2 Bf8 52. Ke2 Bh6 53. Bc6 Bg5 54. Bb7 Kg3 55. Be4 Be3 56. Bf5 Kf4 57. Be4 f5 58. Bd5 Kg3 59. Bc6 Bc1 60. Bb7 f4 61. Be4 Kg4 62. Bc6 Kf5 63. Be4+ Ke5 64. Kd1 Bb2 65. Kc2 Bc3 66. Kd1 Bb4 67. Ke2 Ba3 68. Kd1 Kd6 69. Kc2 Kc5 70. Bf3 Bb4 71. Be4 Be1 72. Bf3 b5 73. axb5 Kxb5 74. Be4 Kb4 75. Bc6 Bf2 76. Be4 Be3 77. Bc6 Kc5 78. Be4 Kd6 79. Kd1 Ke6 80. Ke2 Ke5 81. Bc6 Kd6 82. Be4 Kc5 83. Kd1 Bf2 84. Kc2 Kb4 85. Bc6 Kc5 1/2-1/2

[Event "GER-ch U18 Girls"]
[Site "Willingen"]
[Date "2009.06.01"]
[Round "3"]
[White "Karmann, Anna"]
[Black "Adermann, Mara"]
[Result "1-0"]
[WhiteElo "1903"]
[BlackElo "1704"]
[PlyCount "111"]
[EventDate "2009.05.30"]
[EventType "swiss"]
[EventRounds "9"]
[EventCountry "GER"]
[SourceTitle "CBM 130 Extra"]
[Source "ChessBase"]
[SourceDate "2009.07.02"]
[SourceVersion "2"]
[SourceVersionDate "2009.07.15"]
[SourceQuality "1"]

1. c4 Nf6 2. Nf3 g6 3. b3 Bg7 4. Bb2 0-0 5. g3 c6 6. Bg2 d5 7. 0-0 e6 8. d3 Nbd7 9. Nbd2 Re8 10. Rc1 b6 11. cxd5 cxd5 12. Nd4 Bb7 13. Nb5 Nc5 14. Be5 Re7 15. b4 Na6 16. Qa4 Ne8 17. Bxg7 Kxg7 18. Nd4 Rc7 19. N2b3 Nd6 20. b5 Rxc1 21. Rxc1 Nc7 22. Nc6 Qd7 23. Qd4+ Kg8 24. Ne5 Qe7 25. a4 Nf5 26. Qb2 Ne8 27. Nd4 Nxd4 28. Qxd4 Qd6 29. Ng4 Qf8 30. e4 h5 31. Ne5 Qd6 32. Nc6 dxe4 33. Qxd6 Nxd6 34. Bxe4 Nxe4 35. dxe4 Kf8 36. Ne5 Rc8 37. Rxc8+ Bxc8 38. Nc6 a6 39. e5 Ke8 40. f4 a5 41. Nd4 Bb7 42. Ne2 Ke7 43. Kf2 Bd5 44. Ke3 Kd7 45. Kd2 Ke7 46. Kc3 Kd7 47. Nd4 Kc7 48. Nc2 Kd7 49. Ne3 Ba2 50. Kb2 Bd5 51. Nxd5 exd5 52. Kc3 Ke6 53. Kd4 h4 54. gxh4 Kf5 55. Kxd5 Kxf4 56. Kd6 1-0

[Event "GER-ch U18 Girls"]
[Site "Willingen"]
[Date "2009.05.31"]
[Round "2"]
[White "Stroessner, Lena"]
[Black "Karmann, Anna"]
[Result "1/2-1/2"]
[WhiteElo "1989"]
[BlackElo "1903"]
[PlyCount "23"]
[EventDate "2009.05.30"]
[EventType "swiss"]
[EventRounds "9"]
[EventCountry "GER"]
[SourceTitle "CBM 130 Extra"]
[Source "ChessBase"]
[SourceDate "2009.07.02"]
[SourceVersion "2"]
[SourceVersionDate "2009.07.15"]
[SourceQuality "1"]

1. Nf3 Nf6 2. c4 e6 3. Nc3 Bb4 4. Qc2 0-0 5. e3 b6 6. b3 Bb7 7. Bb2 d5 8. Bd3 Nbd7 9. cxd5 exd5 10. 0-0 a6 11. a3 Bd6 12. Be2 1/2-1/2

[Event "NRW-ch U18 Girls"]
[Site "Kranenburg"]
[Date "2009.04.16"]
[Round "5"]
[White "Schuetten, Annalisa"]
[Black "Karmann, Anna"]
[Result "0-1"]
[WhiteElo "1477"]
[BlackElo "1903"]
[PlyCount "38"]
[EventDate "2009.04.13"]
[EventType "swiss"]
[EventRounds "7"]
[EventCountry "GER"]
[SourceTitle "EXT 2010"]
[Source "ChessBase"]
[SourceDate "2010.11.25"]
[SourceVersion "1"]
[SourceVersionDate "2010.11.25"]
[SourceQuality "1"]

1. e4 c6 2. d4 d5 3. e5 Bf5 4. Nf3 e6 5. Nbd2 Nd7 6. Nb3 h5 7. Be3 Nh6 8. h3 Be7 9. Bd3 Bxd3 10. Qxd3 Nf5 11. Bd2 Qc7 12. 0-0-0 h4 13. Be1 0-0-0 14. Nfd2 f6 15. f4 fxe5 16. dxe5 c5 17. c4 dxc4 18. Nxc4 Nxe5 19. Qc2 Rxd1+ 0-1

[Event "GER-chT U20 Girls"]
[Site "Arendsee"]
[Date "2008.12.30"]
[Round "5.1"]
[White "Karmann, Anna"]
[Black "Hofmann, Annett"]
[Result "0-1"]
[WhiteElo "1880"]
[BlackElo "1984"]
[PlyCount "96"]
[EventDate "2008.12.27"]
[EventType "team-swiss"]
[EventRounds "5"]
[EventCountry "GER"]
[SourceTitle "EXT 2010"]
[Source "ChessBase"]
[SourceDate "2010.11.25"]
[SourceVersion "1"]
[SourceVersionDate "2010.11.25"]
[SourceQuality "1"]
[WhiteTeam "Porz SG U20 Girls"]
[BlackTeam "Hettstedt U20 Girls"]
[WhiteTeamCountry "GER"]
[BlackTeamCountry "GER"]

1. c4 Nf6 2. Nf3 d6 3. Nc3 g6 4. g3 c6 5. Bg2 h5 6. h3 e5 7. d3 Qc7 8. e4 Na6 9. Be3 Bd7 10. Rc1 Qc8 11. d4 Qc7 12. a3 Bg7 13. b4 0-0 14. 0-0 Rfe8 15. Qd3 Rad8 16. d5 c5 17. Nb5 Qb8 18. bxc5 Nxc5 19. Bxc5 dxc5 20. Rb1 Nxe4 21. Qxe4 Bf5 22. Qe3 Bxb1 23. Rxb1 e4 24. Ne1 a6 25. Nc3 Bd4 26. Qc1 Qxg3 27. Nd1 Qh4 28. Nc2 Rd7 29. Qd2 Bg7 30. Rb3 f5 31. f3 Qg3 32. Qf2 Qf4 33. fxe4 Qc1 34. Qe2 fxe4 35. Re3 Rde7 36. Kf2 Bd4 37. Nxd4 cxd4 38. Rxe4 Rxe4 39. Bxe4 Qf4+ 40. Qf3 Qxe4 41. Qxe4 Rxe4 42. Nb2 Re3 43. d6 Kf7 44. c5 Rxh3 45. Nc4 Rc3 46. Ne5+ Ke8 47. Nxg6 Rxc5 48. Nf4 Rf5 0-1

[Event "GER-chT U20 Girls"]
[Site "Arendsee"]
[Date "2008.12.28"]
[Round "3.1"]
[White "Breitwieser, Jasmin"]
[Black "Karmann, Anna"]
[Result "1/2-1/2"]
[WhiteElo "1807"]
[BlackElo "1880"]
[PlyCount "112"]
[EventDate "2008.12.27"]
[EventType "team-swiss"]
[EventRounds "5"]
[EventCountry "GER"]
[SourceTitle "EXT 2010"]
[Source "ChessBase"]
[SourceDate "2010.11.25"]
[SourceVersion "1"]
[SourceVersionDate "2010.11.25"]
[SourceQuality "1"]
[WhiteTeam "Rossdorf U20 Girls"]
[BlackTeam "Porz SG U20 Girls"]
[WhiteTeamCountry "GER"]
[BlackTeamCountry "GER"]

1. e4 c6 2. d4 d5 3. exd5 cxd5 4. Bd3 Nc6 5. c3 Nf6 6. Bf4 Bg4 7. Qb3 Qd7 8. Nd2 e6 9. Ngf3 Bxf3 10. Nxf3 Bd6 11. Bxd6 Qxd6 12. 0-0 0-0 13. Rae1 Rfc8 14. Ne5 Rab8 15. a4 Na5 16. Qc2 a6 17. Qe2 b5 18. axb5 axb5 19. f4 b4 20. Rf3 bxc3 21. bxc3 Qa3 22. c4 Qb2 23. Qxb2 Rxb2 24. cxd5 Nxd5 25. f5 exf5 26. Rxf5 Nf6 27. Nxf7 Kxf7 28. Rxa5 Rd2 29. Bf5 Re8 30. Ra7+ Kf8 31. Rxe8+ Nxe8 32. Be6 Nd6 33. d5 h6 34. h3 g6 35. Rd7 Nc4 36. Rf7+ Ke8 37. Rf2 Rd1+ 38. Rf1 Rxf1+ 39. Kxf1 Ke7 40. Ke2 Kd6 41. Kd3 Ne5+ 42. Ke4 Nc4 43. h4 Ke7 44. Kd4 Nd6 45. Kc5 Ne4+ 46. Kc6 Nf6 47. Bc8 Ne4 48. Ba6 g5 49. Kc7 gxh4 50. Bd3 Nd6 51. Be2 Ne4 52. Bd3 Nd6 53. Bg6 Nc4 54. Bh5 Nd6 55. Kc6 Nf5 56. Bg4 Nd6 1/2-1/2

[Event "Dortmund Sparkassen op"]
[Site "Dortmund"]
[Date "2008.07.03"]
[Round "6"]
[White "Kuempers, Ulrich"]
[Black "Karmann, Anna"]
[Result "1-0"]
[WhiteElo "2110"]
[BlackElo "1891"]
[PlyCount "101"]
[EventDate "2008.06.30"]
[EventType "swiss"]
[EventRounds "9"]
[EventCountry "GER"]
[SourceTitle "CBM 125 Extra"]
[Source "ChessBase"]
[SourceDate "2008.09.01"]
[SourceVersion "1"]
[SourceVersionDate "2008.09.01"]
[SourceQuality "1"]

1. d4 Nf6 2. c4 e6 3. Nf3 b6 4. g3 Ba6 5. b3 Bb4+ 6. Bd2 Be7 7. Bg2 c6 8. Nc3 d5 9. Ne5 Nbd7 10. Nxd7 Nxd7 11. 0-0 0-0 12. cxd5 cxd5 13. Rc1 Rc8 14. Re1 f5 15. Rc2 Nf6 16. Bg5 Bb4 17. Bxf6 Qxf6 18. Qd2 Bd6 19. a4 h5 20. Rec1 h4 21. Nb5 Rxc2 22. Rxc2 Bxb5 23. axb5 hxg3 24. hxg3 f4 25. gxf4 Bxf4 26. e3 Bb8 27. Rc6 Qh6 28. Qc3 Bh2+ 29. Kf1 Qf6 30. Qd2 Bg3 31. f4 Qf5 32. Qc2 Qxc2 33. Rxc2 g5 34. Bh3 gxf4 35. Bxe6+ Kh8 36. Kg2 Bh4 37. Kh3 Bf6 38. exf4 Bxd4 39. Kg4 Be3 40. f5 d4 41. Kf3 Bh6 42. Rh2 Kg7 43. Ke4 Be3 44. Ke5 d3 45. Rg2+ Kh7 46. f6 d2 47. Bg4 Rd8 48. Bd1 Rf8 49. Rh2+ Kg6 50. Rg2+ Kf7 51. Bh5# 1-0